Music Quiz

Random Music or Rock Quiz

R.E.M. Albums Quiz Stats

 Plays Quiz Updated Feb 7, 2020

     
Support Sporcle.
Go Orange.
Score 0/15 Timer 05:00
1 Play Today
Year Album % Correct
1992Automatic for the People
84.7%
1994Monster
82.5%
1988Green
81.1%
1983Murmur
71.4%
1991Out of Time
70.3%
1987Document
65.6%
1998Up
59.2%
1985Fables of the Reconstruction
52.1%
Year Album % Correct
1996New Adventures in Hi-Fi
51.1%
1986Lifes Rich Pageant
49.5%
1984Reckoning
48.7%
2008Accelerate
42%
2001Reveal
39.8%
2004Around the Sun
38%
2011Collapse Into Now
16.3%

From the Vault

Name Swap Match-Up

by BeerHound

Reasons to change your name: moving across the country, colonization and better branding.
Remove Ads.
Support Sporcle.
Get the best of Sporcle when you Go Orange. This ad-free experience offers more features, more stats, and more fun while also helping to support Sporcle. Thank you for becoming a member.

Show Comments

Extras

Top Quizzes Today


Score Distribution

Your Account Isn't Verified!

In order to create a playlist on Sporcle, you need to verify the email address you used during registration. Go to your Sporcle Settings to finish the process.

Report this User

Report this user for behavior that violates our Community Guidelines.

Details: